<?xml version="1.0" encoding="UTF-8"?>
<record
    xmlns:xsi="http://www.w3.org/2001/XMLSchema-instance"
    xsi:schemaLocation="http://www.loc.gov/MARC21/slim http://www.loc.gov/standards/marcxml/schema/MARC21slim.xsd"
    xmlns="http://www.loc.gov/MARC21/slim">

  <leader>00521nam a22001697a 4500</leader>
  <datafield tag="999" ind1=" " ind2=" ">
    <subfield code="c">170921</subfield>
    <subfield code="d">170921</subfield>
  </datafield>
  <controlfield tag="005">20191230162201.0</controlfield>
  <datafield tag="010" ind1=" " ind2=" ">
    <subfield code="a">A-466120</subfield>
  </datafield>
  <datafield tag="035" ind1=" " ind2=" ">
    <subfield code="a">A-466120</subfield>
  </datafield>
  <datafield tag="037" ind1=" " ind2=" ">
    <subfield code="b">BPPD/Pub.</subfield>
  </datafield>
  <datafield tag="082" ind1=" " ind2=" ">
    <subfield code="a">841.08</subfield>
  </datafield>
  <datafield tag="100" ind1=" " ind2=" ">
    <subfield code="a">&#x627;&#x637;&#x6C1;&#x631; &#x646;&#x628;&#x6CC;</subfield>
  </datafield>
  <datafield tag="245" ind1=" " ind2=" ">
    <subfield code="a">&#x641;&#x6CC;&#x636; &#x627;&#x62D;&#x645;&#x62F; &#x641;&#x6CC;&#x636; :</subfield>
    <subfield code="b">&#x634;&#x62E;&#x635; &#x627;&#x648;&#x631; &#x634;&#x627;&#x639;&#x631; /</subfield>
    <subfield code="c">&#x627;&#x637;&#x6C1;&#x631; &#x646;&#x628;&#x6CC;</subfield>
  </datafield>
  <datafield tag="246" ind1=" " ind2=" ">
    <subfield code="a">Faiz Ahmed Faiz: Shakhs aur Shayr (Urdu) /</subfield>
    <subfield code="b">by Atthar Nabi</subfield>
  </datafield>
  <datafield tag="260" ind1=" " ind2=" ">
    <subfield code="a">Lucknow</subfield>
    <subfield code="b">Faiz Ahmed Faiz</subfield>
    <subfield code="c">1988 &#x621;</subfield>
  </datafield>
  <datafield tag="300" ind1=" " ind2=" ">
    <subfield code="a">264p.</subfield>
    <subfield code="c">21cm(Hb)</subfield>
  </datafield>
  <datafield tag="942" ind1=" " ind2=" ">
    <subfield code="2">ddc</subfield>
    <subfield code="c">UR</subfield>
    <subfield code="h">841.08</subfield>
    <subfield code="m">&#x641; &#x6D2; &#x636;</subfield>
  </datafield>
  <datafield tag="952" ind1=" " ind2=" ">
    <subfield code="0">0</subfield>
    <subfield code="1">0</subfield>
    <subfield code="4">0</subfield>
    <subfield code="7">0</subfield>
    <subfield code="8">NFIC</subfield>
    <subfield code="a">L</subfield>
    <subfield code="b">L</subfield>
    <subfield code="d">2019-12-30</subfield>
    <subfield code="e">BPPD/Ven.</subfield>
    <subfield code="l">1</subfield>
    <subfield code="o">841.08 &#x641; &#x6D2; &#x636;</subfield>
    <subfield code="p">A-466120</subfield>
    <subfield code="r">2022-09-12 00:00:00</subfield>
    <subfield code="s">2022-09-07</subfield>
    <subfield code="t">1</subfield>
    <subfield code="w">2019-12-30</subfield>
    <subfield code="y">UR</subfield>
  </datafield>
</record>
